000 06684namaa22004331i 4500
003 EG-GICUC
005 20260503123331.0
008 260503s2025 ua a|||frm||| 000 0 eng d
040 _aEG-GICUC
_beng
_cEG-GICUC
_dEG-GICUC
_erda
041 0 _aeng
_beng
_bara
049 _aDeposit
082 0 4 _a615.82
092 _a615.82
_221
097 _aM.Sc
099 _aCai01.21.03.M.Sc.2025.So.A
100 0 _aSoraya Nasr Abd-Elmongi Zidan,
_epreparation.
245 1 0 _aAssociation between neck pain, function, and forward head with foot posture in non-specific neck pain /
_cby Soraya Nasr Abd-Elmongi Zidan ; Supervisores Prof. Dr. Ebtessam Fawzy Gomaa, Dr. Nagwa Abuelwafa Ibrahim.
246 1 5 _aالإرتباط بين آلام الرقبة والوظيفة ووضعية الرأس للأمام مع وضعية القدم في آلام الرقبة الغير المحددة
264 0 _c2025.
300 _a77 pages :
_billustrations ;
_c25 cm. +
_eCD.
336 _atext
_2rda content
337 _aUnmediated
_2rdamedia
338 _avolume
_2rdacarrier
502 _aThesis (M.Sc)-Cairo University, 2025.
504 _aBibliography: pages 64-77.
520 3 _a[Background] Neck pain is regarded as one of the most prevalent musculoskeletal pathologies. Forward head posture (FHP) is considered as one of the commonly recognized improper head postures adopted in patients with cervical pain. The foot is an essential segment of the biokinetic chain linking the lower limb to the spine through the pelvis. It was proved to be associated with postural abnormalities in the pelvis, the thoracic spine, and cervicogenic headache. [objectives] The objective of this study was to assess the association between neck pain, function, and head posture with foot posture in non-specific neck pain (NSNP). Also, to investigate the correlation between neck pain and function with head posture. [Study design] A Cross-sectional study. [Patients and Methods] Eighty-four participants of both genders, aging between18 and 29 years, diagnosed with chronic NSNP were included. Patients were recruited from the orthopedic clinic and student population of the Faculty of Physical Therapy, Beni Suef University. It was conducted from May 2024 to August 2024. The neck pain intensity, neck function, head posture, and foot posture were evaluated using visual analogue scale, neck disability index, cranio-vertebral angle using a photographic posture analysis, and foot posture index, respectively. [Results] Our findings showed a non-significant association between pain levels (p = 0.45) (t = 3.57), disability levels (p = 0.45) (t = 3.83) and neck posture (p = 0.55) (t =1.39) with foot posture. Also, the results showed weak negative non-significant correlation between neck pain (r = -0.051, p = 0.646) and function (r = -0.046, p = 0.675) with head posture [Conclusion] There is no association between neck pain, function, and head posture with foot posture in NSNP. Similarly, there is no association between neck pain and function with head posture.
520 3 _aالخلفية: يُعد ألم الرقبة واحدًا من أكثر الاضطرابات العضلية الهيكلية شيوعًا. كما يُعتبر انحناء الرأس الأمامي أحد أكثر أوضاع الرأس غير السوية انتشارًا بين المرضى الذين يعانون من آلامٍ في الرقبة. يُعد القدم جزءًا أساسيًا في السلسلة البيوكينتيكية التي تربط الطرف السفلي بالعمود الفقري عبر الحوض. وقد ثبت ارتباط وضع القدم بظهوراضطرابات وضعية في الحوض، العمود الفقري الصدري والصداع العنقي. الغرض: هدفت هذه الدراسة إلى تقييم الارتباط بين ألم الرقبة، الوظيفة، ووضع الرأس من جهة، ووضع القدم لدى الأفراد الذين يعانون من ألم الرقبة غير المحدد. كما هدفت إلى بحث العلاقة بين ألم الرقبة والوظيفة مع وضع الرأس. تصميم الدراسة: دراسة مقطعية. المرضي والطرق: اربع وثمانون مريضا من الجنسين تتراوح اعمارهم ما بين 18 الي 29 عاما تم تشخيصهم بآلام الرقبة غير المحددة تم اختيارهم من العيادة الخارجيه و من طلبة كليه العلاج الطبيعي جامعه بني سويف في الفترة من مايو 2024 حتي اغسطس 2024. تم قياس شدة آلام الرقبة و درجة الوظيفة و وضعية الرقبة و وضعية القدم من خلال مقياس الألم المرئى واستبيان مؤشر اعاقة الرقبة وقياس زاوية الجمجمة والفقرة باستخدام طريقة التحليل الفوتوغرافي ومؤشر وضعية القدم علي التوالي. النتائج :أظهرت نتائجنا عدم وجود ارتباط ذي دلالة إحصائية بين مستويات الألم (p = 0.45 (t = 3.57, ، ودرجة الوظيفة (p = 0.45, t = 3.83)، ووضعية الرأس (p = 0.55, t = 1.39) مع وضعية القدم. كما أظهرت النتائج وجود علاقة سلبية ضعيفة وغير دلالّة إحصائيًا بين ألم الرقبة (‏r = -0.051, p = 0.646) والوظيفة (‏r = -0.046, p = 0.675) مع وضع الرأس. الاستنتاج: لا يوجد إرتباط بين ألم الرقبة، ووظيفة الرقبة، ووضعية الرأس مع وضعية القدم لدى الأفراد المصابين بآلام الرقبة غير المحددة.وكذلك لا توجد علاقة بين آلام الرقبة والوظيفة مع وضعية الرقبة
530 _aIssues also as CD.
546 _aText in English and abstract in Arabic & English.
650 0 _aPhysical Therapy
650 0 _aالعلاج الطبيعى
653 1 _aNon-specific neck pain (NSNP),
_aforward head posture (FHP)
_afoot posture
_acranio-vertebral angle (CVA)
_aألم الرقبة غير المحدد
_aوضعية الرقبة للأمام
700 0 _aEbtessam Fawzy Gomaa
_ethesis advisor.
700 0 _aNagwa Abuelwafa Ibrahim
_ethesis advisor.
900 _b01-01-2025.
_cEbtessam Fawzy Gomaa
_cNagwa Abuelwafa Ibrahim
_UCairo University
_FFaculty of Physical Therapy
_DDepartment of Physical Therapy for Musculoskeletal Disorders and their Surgeries
905 _aShimaa
942 _2ddc
_cTH
_e21
_n0
999 _c179919